Ανάπτυξη συστήματος γεωγραφικών πληροφοριών για την επιλογή ενδιαιτήματος ορνιθοπανίδας : πολιτική εφαρμογή ο τουρκοτσοπανάκος στη Λέσβο : μεταπτυχιακή διατιβή
Αποθηκεύτηκε σε:
| Κύριος συγγραφέας: | |
|---|---|
| Συγγραφή απο Οργανισμό/Αρχή: | |
| Άλλοι συγγραφείς: | |
| Μορφή: | Thesis Βιβλίο |
| Γλώσσα: | Greek |
| Δημοσίευση: |
Μυτιλήνη :
Πανεπιστήμιο Αιγαίου, Σχολή Κοινωνικών Επιστημών, Τμήμα Γεωγραφίας,
2005
|
| Θέματα: | |
| Ετικέτες: |
Προσθήκη ετικέτας
Δεν υπάρχουν, Καταχωρήστε ετικέτα πρώτοι!
|
MARC
| LEADER | 00000cam a2200000 i 4500 | ||
|---|---|---|---|
| 001 | 1/29462 | ||
| 008 | 060515s2005 gre d | ||
| 035 | |l 10083905 | ||
| 040 | |a GR-MY-UA |b gre |e aacr | ||
| 041 | 0 | |a gre | |
| 082 | 0 | |a 598 |2 (22) | |
| 100 | 1 | |a Γρημπυλάκου, Λίνα. | |
| 245 | 1 | 0 | |a Ανάπτυξη συστήματος γεωγραφικών πληροφοριών για την επιλογή ενδιαιτήματος ορνιθοπανίδας : |b πολιτική εφαρμογή ο τουρκοτσοπανάκος στη Λέσβο : μεταπτυχιακή διατιβή / |c Γρημπιλάκου Λίνα ; υπεύθυνος καθηγητής Σουλακέλλης Νικόλαος |
| 260 | |a Μυτιλήνη : |b Πανεπιστήμιο Αιγαίου, Σχολή Κοινωνικών Επιστημών, Τμήμα Γεωγραφίας, |c 2005 | ||
| 300 | |a 81 σ.; |b πιν., χαρτ., διαγρ.; |c 30 εκ. | ||
| 500 | |a Μέλη εξεταστικής επιτροπής: Πετανίδου Θεοδώρα, Τριαντάφυλλος Ακριώτης | ||
| 502 | # | # | |a Διατριβή (μεταπτυχιακή) – Πανεπιστήμιο Αιγαίου, Λέσβος, 2005. |
| 504 | |a Βιβλιογραφία: 81 σ. | ||
| 650 | 0 | 0 | |a Birds, Protection of |z Greece |z Lesbos Island. |
| 650 | 0 | 0 | |a Habitat surveys |z Greece |z Lesbos Island. |
| 650 | 0 | 0 | |a Birds |x Research. |
| 650 | 0 | 0 | |a Habitat conservation |x Geographic information systems. |
| 650 | 0 | 0 | |a Dissertations, Academic |z Greece. |
| 700 | 1 | |a Σουλακέλλης, Νικόλαος. |4 ths | |
| 710 | 2 | |a Πανεπιστήμιο Αιγαίου |b Σχολή Κοινωνικών Επιστημών |b Τμήμα Γεωγραφίας |b Μεταπτυχιακό Πρόγραμμα Σπουδών Γεωγραφία και Σχεδιασμός στην Ευρώπη και τη Μεσόγειο. | |
| 852 | |a INST |b LESVOS |c DIATR |e 20060515 |h 29 |p 005100035511 |q 005100035511 |t MTXE |y 23 | ||
| 852 | |a INST |b LESVOS |c DIATR |e 20060515 |h 30 |p 005100035324 |q 005100035324 |t MTXE |y 23 | ||
| 901 | |a BIBL1-2006-2 | ||
| 909 | |a Λ |b 126355 | ||
| 909 | |a Λ |b 126356 | ||
| 924 | |a ΓΡΗΜΠΥΛΑΚΟΥ |b ΛΙΝΑ |y ΛΕΣΒΟΣ |z 2006-05 | ||
| 970 | |a ΜΑΡΙΝΑΤΟΥ |b ΜΥΡΣΙΝΗ |z 2006/05/15 | ||